00808nab a2200229 uc450000100070000000500170000700800410002403500110006503500210007604000130009704100080011010000360011824501010015465000120025565000220026765000180028965000290030765000360033670000310037270000360040377301390043955388820240201132311.0991011e19800901 spa  a553888 a(OCoLC)819813906 ccomduadb aspa10aOrrego Uribe, Alberto4auteaut10aPrevalencia de brucelosis, leptospirosis y anemia infecciosa en equinos del municipio de Aguadas aEquinos aBrucelosis equina aLeptospirosis aAnemia infecciosa equina 7aMonitoreo epidemiológico2dcs10aMejia H., Wilson4auteaut10aCastellanos, Dolly de4auteaut0 tRevista Colombiana de Ciencias Pecuarias (Medellín)gVolumen 02, Número 04, Septiembre 1980, p. 249-255w315324x0120-06900107734